ALL FNAF CHARACTERS - Statistics

General Stats
  • This quiz has been taken 42 times
  • The average score is 65 of 244
Answer Stats
Section Answer % Correct
Bonnie
95%
Chica
95%
Foxy
95%
Classic Animatronics Freddy
95%
Shadow Bonnie
95%
Shadow Animatronics Shadow Freddy
95%
Toy Chica
95%
Toy Animatronics Toy Freddy
95%
Withered Bonnie
95%
Withered Chica
95%
Withered Foxy
95%
Withered Animatronics Withered Freddy
95%
Balloon Boy
89%
The Puppet
89%
Toy Bonnie
89%
Mangle
84%
Phantom Chica
84%
Phantom Animatronics Phantom Freddy
84%
Springlock Hybrids Fredbear
79%
Unclassified Animatronics Golden Freddy
79%
Nightmare
79%
Nightmare Chica
79%
Phantom Balloon Boy
79%
Phantom Foxy
79%
Springtrap
79%
JJ
74%
Nightmare Bonnie
74%
Nightmare Foxy
74%
Nightmare Animatronics Nightmare Freddy
74%
Funtime Foxy
68%
Funtime Freddy
68%
Phantom Mangle
68%
Funtime Chica
63%
Glamrock Chica
63%
Daycare Attendant Moon
63%
Nightmare Balloon Boy
63%
Nightmare Fredbear
63%
Phantom Puppet
63%
Spring Bonnie
63%
Sun
63%
Funtime Animatronics Circus Baby
58%
Glamrock Animatronics Glamrock Freddy
58%
Mediocre Melodies Happy Frog
58%
Nightmare Mangle
58%
Nightmarionne
58%
Rockstar Bonnie
58%
Rockstar Chica
58%
Rockstar Foxy
58%
Rockstar Animatronics Rockstar Freddy
58%
Bidybab
53%
Amalgations Ennard
53%
Glamrock Bonnie
53%
Lefty
53%
Lolbit
53%
Montgomery Gator
53%
Mr. Hippo
53%
Roxanne Wolf
53%
Ballora
47%
Bon-Bon
47%
Electrobab
47%
Jack-O-Bonnie
47%
Jack-O-Chica
47%
Molten Freddy
47%
Nightmare Cupcake
47%
Orville Elephant
47%
Plushtrap
47%
Scrap Baby
47%
Eclipse
42%
Pigpatch
42%
Shadow Balloon Boy
42%
Bonnet
37%
Endo-02
37%
Helpy
37%
Minireena
37%
Music Man
37%
Nedd Bear
37%
Shadow Mangle
37%
Dreadbear
32%
El Chip
32%
Endoskeletons Endo-01
32%
Freddles
32%
Scraptrap
32%
Twisted Bonnie
32%
Yenndo
32%
Dee Dee
26%
DJ Music Man
26%
Fruit Punch Clown
26%
Ignited Bonnie
26%
Ignited Chica
26%
Ignited Foxy
26%
Ignited Animitronics Ignited Freddy
26%
Juice Fountain Clowns Lemonade Clown
26%
Map Bot
26%
S.T.A.F.F. Bots Security Bot
26%
Shadow Puppet
26%
Twisted Chica
26%
Twisted Foxy
26%
Twisted Animatronics Twisted Freddy
26%
Burntrap
21%
Glamrock Endo
21%
Golden Cupcake
21%
Grimm Foxy
21%
No. 1 Crate
21%
Shadow Cupcake
21%
The Mimic
21%
Toy Cupcake
21%
Twisted Wolf
21%
Bucket Bob
16%
Candy Cadet
16%
Comedy Bot
16%
Artificial Intelligence Voices HandUnit
16%
Ignited Cupcake
16%
Mini Music Man
16%
Mr. Can Do
16%
Cupcake Animatronics Mr. Cupcake
16%
Mr. Hugs
16%
Nightmare Endo
16%
Pan Stan
16%
Security Puppet
16%
8-Bit Baby
11%
Burnt Foxy
11%
Dark Foxy
11%
Hardmode Animatronics Dark Freddy
11%
Egg Baby
11%
Fetch
11%
Freddy Frostbear
11%
Funtime Cupcake
11%
Glamrock Mr. Hippo
11%
Control Module Animatronics Little Joe
11%
Magician
11%
Mystic Hippo
11%
Neon Bonnie
11%
Neon Chica
11%
Nightmarionne Bot
11%
Party Bot
11%
Party Freddy
11%
Prize King
11%
Server Bot
11%
Springlock Suit
11%
Wet Floor Bot
11%
Alien Bot
5%
Attendant Bot
5%
Black Heart Bonnie
5%
Black Ice Frostbear
5%
Boulder Toy Bonnie
5%
Broiler Baby
5%
Captain Foxy
5%
Catrina Toy Chica
5%
Chocolate Bonnie
5%
Clown Springtrap
5%
Driver Assist Bot
5%
Easter Bonnie
5%
Eleanor
5%
Firework Freddy
5%
Flamethrower Endo
5%
Flaming Springtrap
5%
Frostbite Balloon Boy
5%
Helpi
5%
Highscore Toy Chica
5%
Human Heads
5%
Instructor Bot
5%
Jack-O-Moon
5%
Liberty Chica
5%
Lonely Freddy
5%
Magician Bot
5%
Magician Mangle
5%
Mask Bot
5%
Mop Bot
5%
Nanny Bot
5%
Pizza Bot
5%
Radioactive Foxy
5%
Ringmaster Foxy
5%
Scorching Chica
5%
Serpent Mangle
5%
Shadow DeeDee
5%
Animatronic Skins Shamrock Freddy
5%
Sunken Toy Bonnie
5%
Swamp Balloon Boy
5%
System Error Toy Bonnie
5%
Tangle
5%
The Entity
5%
The Stitchwraith
5%
Toxic Springtrap
5%
Tutorial Unit
5%
VR Toy Freddy
5%
Woodland Toy Freddy
5%
Worker Bot
5%
Cupcake Skins 8-Bit Cupcake
0%
Aeronaut Toy Freddy
0%
Arctic Ballora
0%
Funtime Animatronics Baby Crawler
0%
Baron von Bear
0%
Big Bad Foxy
0%
Blackbird
0%
Calavera Cupcake
0%
Carnie
0%
Unclassified Animatronics Charlotte Emily
0%
Clockwork Ballora
0%
Clockwork Minireena
0%
Coils The Birthday Clown
0%
Dark Springtrap
0%
Dark Water Endo
0%
Dread Unit
0%
Ella
0%
Female Computer Voice
0%
Fortune Teller
0%
Friendly Face
0%
Frost Plushtrap
0%
Giant Cupcake
0%
Great Escape Golden Freddy
0%
Gumball Swivelhands
0%
Head Chef Bot
0%
Heartsick Baby
0%
Jackie
0%
Jetpack Balloon Boy
0%
Exoskeletons Julius' Exoskeleton
0%
Little Red Chica
0%
Lucky Boy
0%
Melted Chocolate Bonnie
0%
Moldy Cupcake
0%
Neon Cupcake
0%
Amalgations Novel Triolgy's Amalgation
0%
Pickle's Robot
0%
Piranha Plushtrap
0%
Plushtrap Chaser
0%
Prototype Glamrock Freddy
0%
Ralpho
0%
R.A.S.C.
0%
Rockstar Foxy's Parrot
0%
Rosie Porkchop
0%
Scorching Cupcake
0%
Shelly's Exoskeleton
0%
Stanley
0%
Endoskeletons Suicide Bot
0%
Tag-Along Freddy
0%
The Agony
0%
The Curse
0%
Electronic Toys Theodore
0%
The Real Jake Doll
0%
Unclassified Bots The Scooper
0%
Torch Cupcake
0%
VR Springtrap
0%
Wooden Puppets
0%
Yarg Foxy
0%
No matching quizzes found
Score Distribution
Percent of People with Each Score
Percentile by Number Answered
Your Score History
You have not taken this quiz